| 000 | 00905nam a2200253 i 4500 | ||
|---|---|---|---|
| 001 | 185446 | ||
| 003 | SpMaBN | ||
| 005 | 20250813055708.0 | ||
| 008 | 160606s1992 sp |||| | spa d | ||
| 020 | _a84-306-0216-X | ||
| 080 | _a343.632(460.18)"12/14" | ||
| 100 | 1 |
_aMadero, Marta. _9159776 |
|
| 245 | 1 | 0 |
_aManos violentas, palabras vedadas _b: la injuria en Castilla y León (siglos XIII-XV) / _cMarta Madero ; prólogo de Jacques le Goff. |
| 260 |
_aMadrid : _bTaurus, _c[1992] |
||
| 300 |
_a225 p. ; _c21 cm. |
||
| 490 | 1 |
_aHumanidades ; _v341. _aHistoria |
|
| 500 | _aÍndice. | ||
| 504 | _aBibliografía: p. 205-221. | ||
| 650 | 7 |
_aInjuria- _zCastilla (Reino)- _vHistoria. _9159777 |
|
| 700 | 1 |
_aLe Goff, Jacques. _970884 |
|
| 830 | 0 | 0 |
_aHumanidades (Taurus). _pHistoria _v341. _9177933 |
| 852 |
_aES-MaACL _jL-30330 _z. - Donat. Miguel A. Velasco |
||
| 999 |
_c185446 _d185446 |
||